LIBRARY & INFORMATION CENTRE, KCAET, TAVANUR

ONLINE PUBLIC ACCESS CATALOGUE (OPAC)

Normal view MARC view
  • Timoshenko,Ste[hen

Entry Personal Name

Number of records used in: 2

001 - CONTROL NUMBER

  • control field: 364

003 - CONTROL NUMBER IDENTIFIER

  • control field: OSt

005 - DATE AND TIME OF LATEST TRANSACTION

  • control field: 20160610140901.0

008 - FIXED-LENGTH DATA ELEMENTS

  • fixed length control field: 160610|| aca||aabn | a|a d

040 ## - CATALOGING SOURCE

  • Original cataloging agency: OSt
  • Transcribing agency: OSt

100 ## - HEADING--PERSONAL NAME

  • Personal name: Timoshenko,Ste[hen

670 ## - SOURCE DATA FOUND

  • Source citation: Work cat.: (OSt): Timoshenko,Ste[hen, Strength of Materials- Part- I: Elementary Theory and Problems, 2002
free website counter